| 000 | 00781nam a2200205 a 4500 | ||
|---|---|---|---|
| 001 | 000035843 | ||
| 005 | 20200930074646.0 | ||
| 008 | 111115s1950 pr 001 0 eng d | ||
| 040 |
_aDO-SdBNP _bspa _cBNPHU |
||
| 082 |
_axxxx _bP977m |
||
| 110 | 1 |
_aPuerto Rico. _bUniversity. _bSchool of Public Administration. _961818 |
|
| 245 | 1 | 0 |
_aManual of government agencies in Puerto Rico : _b(Executive branch). |
| 260 |
_a[Rio Piedra] : _bUniversity of Puerto Rico, _c1950. |
||
| 300 |
_a341 p. ; _c23 cm. |
||
| 490 | 1 |
_aPublic administration _vno. 2 |
|
| 500 | _aInlcuye índice | ||
| 504 | _aIncluye referencias bibliográficas al pie de las páginas. | ||
| 590 | _aPerteneció a la biblioteca personal de Juan Isidro Jimenes Grullón. | ||
| 830 | 0 |
_aPublic administration _vno. 2 _961819 |
|
| 999 |
_c35334 _d35334 |
||